Politycy z Konfederacji - nagła śmierć - Statystyki

Ogólne statystyki
  • Ten quiz został rozwiązany 663 razy
  • Średni wynik to 9 z 12
Answers on the Grid
Answers color-coded by a green-red scale on the quiz's grid according to % correct below.
Sławomir Mentzen
Konrad Berkowicz
Szymon Hołownia
Jarosław Kaczyński
Krzysztof Gawkowski
Krzysztof Bosak
Janusz Korwin-Mikke
Anna Żukowska
Ewa Zajączkowska-Hernik
Magdalena Biejat
Anna Bryłka
Adrian Zandberg
Stanisław Tyszka
Michał Wawer
Donald Tusk
Witold Tumanowicz
Joanna Senyszyn
Dobromir Sośnierz
Włodzimierz Czarzasty
Piotr Zgorzelski
Łukasz Mejza
Robert Winnicki
Ryszard Wilk
Maciej Lasek
 
Statystyki odpowiedzi
Odpowiedź % Poprawnych
Sławomir Mentzen
99%
Krzysztof Bosak
91%
Konrad Berkowicz
87%
Ewa Zajączkowska-Hernik
86%
Janusz Korwin-Mikke
80%
Dobromir Sośnierz
68%
Anna Bryłka
67%
Michał Wawer
61%
Ryszard Wilk
61%
Witold Tumanowicz
56%
Stanisław Tyszka
55%
Robert Winnicki
52%
Nie znaleziono quizów pasujących do podanych kryteriów
Rozkład punktacji
Procent ludzi z każdym wynikiem
Percentyl według liczby udzielonych odpowiedzi
Twoja historia wyników
Nie rozwiązałeś tego quizu